1554 1251 1636 1728 1575 1226 1260 1490 1872 1719 1961 1329 1699 1118 1251 1376 1967 1880 1952 1415 1418 1099 1013 1606 1794 1227 1536 1374 1866 1992 1641 1922 1995 1209 1409 1473 1265 1505 1162 1164 1435 1712 1949 1206 1578 1930 1566 1826 1654 1506 1660 1890 1553 1204 1505 1672 1760 1913 1469 1521 1317 1265 1302 1444 1127 1018 1931 1713 1302 1198 1284 1748 1254 1752 1780 1770 1724 1981 1127 1983 1375 1041 1910 1789 1671 1019 1858 2000 1428 1835 1023 1304 1640 1774 1710 1021 1758 1390 1817 BCNSPRNW ULIB Ver.6.0+V

เปลี่ยนเป็นภาษาไทย

Change to English
 แสดงรายละเอียดบรรณานุกรม
  กลับหน้าหลัก

Brief Record : Get Marc (ISO 2709) : E-mail record : QR code < ปิดหน้าต่าง
LEADER : 00000nam 2200000uu 4500
001    13399112251
003     ULIB
008    110802s2554||||th 000 0 tha d
020    9786162190421
090    นว.^bป526ห 2554
100 0  ปัณณรี
245 00 หัวใจรั้นรัก/^cปัณณรี
260    กรุงเทพฯ:^bอรุณ อ่นใจรัก, ^c2554.
300    243 หน้า
945    ^p195^l0^i18469
995    เกษร
999 ^a ใช้งานได้ทุกระบบ
รายการนี้ยังไม่มีแท็ก
คุณยังไม่ได้ล็อกอิน คุณสามารถมีกิจกรรมร่วมกับเว็บไซต์ได้ แต่ต้องล็อกอินก่อน ::
  ล็อกอิน

รายการสื่อสารสนเทศ

ลำดับที่ ประเภท เลขเรียก/บาร์โค้ด สถานที่ สถานะ
1. นวนิยาย
นวนิยาย
นว. ป526ห 2554  
  Barcode: 18469
ห้องสมุดวิทยาเขตสวรรค์ประชารักษ์
►นวนิยาย
บนชั้น
  ขอยืม

BibComment


ยังไม่เคยถูกคอมเมนท์

คอมเมนท์ทรัพยากรรายการนี้
  คอมเมนท์: หัวใจรั้นรัก ปัณณรี


 Copyright 2026. Bcnsprnw @Library